00676nam a2200181 a 450000100100000000500170001000800410002704000250006808200140009310000340010724500380014126000790017930000310025850000190028904900100030895201590031899900170047700003222720200930063534.0110713s19uu dr c 000 0 spa d aDO-SdBNPbspacBNPHU axxxbM6151 aMeyreles Soler, Rafael93774510aSonetos /cRafael Meyreles Soler. aCiudad Trujillo, República Dominicana :bImprenta G. Dominguez,c[195u]. a[76 p.] :bretr. ;c15 cm. aLibro mutilado aBNPHU 001050718RVaPDbPDcHDd2011-07-13iLF1l0oxxx M615p32227-10r2020-06-25w2020-06-25y1zPerteneció a la colección Martínez BoogZNo se presta c31718d31718